[Event "DVM U12 2003"]
[Site "Verden/Aller GER"]
[Date "2003.12.30"]
[Round "7"]
[White "Leschner, Marius"]
[Black "Cornish, Alexander"]
[Result "1-0"]
[Termination "normal"]
[Board "7.2"]
[WhiteElo "1234"]
[BlackElo "1201"]
[WhiteTeam "USG Chemnitz"]
[BlackTeam "SK Feilbingert"]
[PlyCount "149"]
[WhiteFideId "4613813"]
[EventCountry "GER"]
[EventRounds "7"]
[EventType "team-swiss"]
[EventDate "2003.12.26"]

1. e4 c5 2. Nf3 d6 3. d4 cxd4 4. Nxd4 Nf6 5. Nc3 g6 6. Bc4 Bg7 7. Be3 O-O 8.
O-O Bd7 9. f3 Nc6 10. Nxc6 Bxc6 11. Qe2 Rc8 12. Bb3 b6 13. Rad1 Qc7 14. Rd2 Nd7
15. Nd1 Nc5 16. Bxc5 bxc5 17. c3 Qb6 18. Kh1 Kh8 19. Ne3 Bh6 20. Rc2 Bb5 21.
Bc4 Bxe3 22. Bxb5 Bh6 23. Bd3 Bg7 24. Rb1 Rb8 25. b4 a5 26. b5 Rfc8 27. a4 Qc7
28. Bc4 Kg8 29. Bd5 e6 30. Bc4 Kf8 31. Rd1 Ke7 32. Qf2 h5 33. f4 Rf8 34. Qf3
Qb6 35. Qh3 Qb7 36. Re2 Qd7 37. e5 d5 38. Bb3 Qa7 39. Qh4+ Ke8 40. Red2 c4 41.
Bxc4 Qc5 42. Bxd5 exd5 43. Rxd5 Qb6 44. Rd7 f6 45. Rxg7 Rd8 46. Rxd8+ Qxd8 47.
Qe1 f5 48. Rxg6 Kf7 49. Rf6+ Kg7 50. Qg3+ Kh7 51. Qg6+ Kh8 52. Rxf8+ Qxf8 53.
Qf6+ Qxf6 54. exf6 Kg8 55. b6 Kf7 56. b7 Kxf6 57. b8=Q Kg7 58. Qe5+ Kg6 59. h4
Kh6 60. Qxf5 Kg7 61. Qg5+ Kf7 62. f5 Kf8 63. f6 Kf7 64. Qg7+ Ke6 65. f7 Kd5 66.
f8=R Kc4 67. Rd8 Kb3 68. Rc8 Kc2 69. Qd4 Kb3 70. Rb8+ Kc2 71. Rc8 Kc1 72. Qd3
Kb2 73. Rb8+ Ka3 74. c4+ Ka2 75. Qc2+ 1-0

[Event "DVM U12 2003"]
[Site "Verden/Aller GER"]
[Date "2003.12.30"]
[Round "7"]
[White "Gertenbach, Robin"]
[Black "Oltmanns, Ingmar"]
[Result "0-1"]
[Termination "normal"]
[Board "7.3"]
[WhiteElo "1117"]
[BlackElo "1188"]
[WhiteTeam "SK Feilbingert"]
[BlackTeam "USG Chemnitz"]
[PlyCount "66"]
[BlackFideId "4613910"]
[EventCountry "GER"]
[EventRounds "7"]
[EventType "team-swiss"]
[EventDate "2003.12.26"]

1. e4 c6 2. Nf3 d5 3. Nc3 d4 4. Ne2 c5 5. d3 Nc6 6. c3 e5 7. Qa4 Bd7 8. c4 Bd6
9. Bd2 Nf6 10. O-O-O a6 11. Ng3 Ne7 12. Qb3 b5 13. a4 bxa4 14. Qa2 O-O 15. Bg5
Ng6 16. Nh5 Be7 17. Bxf6 Bxf6 18. Nxf6+ Qxf6 19. Be2 Rab8 20. h4 Rb7 21. h5 Ne7
22. Rh2 Rfb8 23. Rd2 Qd6 24. Bd1 Rb4 25. Ne1 Qh6 26. Nf3 Bg4 27. Rh1 Bxf3 28.
gxf3 Rxb2 29. Qxb2 Rxb2 30. Kxb2 Qxd2+ 31. Ka3 Qxd3+ 32. Kxa4 Qxc4+ 33. Ka5
Qb5# 0-1

[Event "DVM U12 2003"]
[Site "Verden/Aller GER"]
[Date "2003.12.30"]
[Round "7"]
[White "Le Minh, Viet"]
[Black "Jung, Philipp"]
[Result "1/2-1/2"]
[Termination "normal"]
[Board "7.4"]
[WhiteElo "1164"]
[BlackElo "1106"]
[WhiteTeam "USG Chemnitz"]
[BlackTeam "SK Feilbingert"]
[PlyCount "54"]
[EventCountry "GER"]
[EventRounds "7"]
[EventType "team-swiss"]
[EventDate "2003.12.26"]

1. e4 c5 2. Nf3 d6 3. d4 cxd4 4. Nxd4 Nf6 5. Nc3 g6 6. f3 Bg7 7. Be3 O-O 8. Bc4
a6 9. O-O Bd7 10. Nd5 Nc6 11. Nxf6+ Bxf6 12. c3 Rc8 13. Bd5 Qa5 14. g3 e6 15.
Bxc6 Bxc6 16. Rb1 Bd7 17. Qd2 Bg7 18. Nc2 Bb5 19. Rfd1 Rfd8 20. Nb4 Qc7 21. Qf2
Qe7 22. Bd4 a5 23. Nc2 Bxd4 24. Nxd4 Ba6 25. Rd2 Rc7 26. Qe3 Rcd7 27. e5 d5
1/2-1/2

[Event "DVM U12 2003"]
[Site "Verden/Aller GER"]
[Date "2003.12.30"]
[Round "7"]
[White "Boos, Philipp"]
[Black "Biller, Nikklas"]
[Result "0-1"]
[Termination "normal"]
[Board "8.1"]
[WhiteElo "1245"]
[BlackElo "1248"]
[WhiteTeam "USV TU Dresden"]
[BlackTeam "Wilhelmshavener SF"]
[PlyCount "36"]
[EventCountry "GER"]
[EventRounds "7"]
[EventType "team-swiss"]
[EventDate "2003.12.26"]

1. d4 d5 2. c4 c6 3. Nc3 Bf5 4. e3 e6 5. Nf3 Bb4 6. a3 Qa5 7. axb4 Qxa1 8. cxd5
exd5 9. Nd2 b5 10. Nxb5 cxb5 11. Bxb5+ Bd7 12. Nb3 Qa2 13. Qc2 Nf6 14. Qc8+ Ke7
15. Qxh8 Bg4 16. Na5 Qb1 17. Qc8 Qd3 18. Qc7+ Nbd7 0-1

[Event "DVM U12 2003"]
[Site "Verden/Aller GER"]
[Date "2003.12.30"]
[Round "7"]
[White "Kallusky, Nicolas"]
[Black "Lorenz, Nicole"]
[Result "0-1"]
[Termination "normal"]
[Board "8.2"]
[WhiteElo "837"]
[BlackElo "1375"]
[WhiteTeam "Wilhelmshavener SF"]
[BlackTeam "USV TU Dresden"]
[PlyCount "46"]
[WhiteFideId "24623709"]
[EventCountry "GER"]
[EventRounds "7"]
[EventType "team-swiss"]
[EventDate "2003.12.26"]

1. d4 Nf6 2. Bf4 d6 3. f3 d5 4. Nc3 Bf5 5. Qd2 e6 6. O-O-O Nbd7 7. Re1 Bb4 8.
a3 Ba5 9. e3 O-O 10. g4 Bg6 11. h4 h5 12. Bh3 hxg4 13. Bxg4 Nh5 14. Bxh5 Bxh5
15. Qg2 Qf6 16. Nge2 c6 17. Reg1 e5 18. dxe5 Nxe5 19. Bxe5 Qxe5 20. Kd2 Rfe8
21. e4 dxe4 22. fxe4 Rad8+ 23. Ke3 Bb6+ 0-1

[Event "DVM U12 2003"]
[Site "Verden/Aller GER"]
[Date "2003.12.30"]
[Round "7"]
[White "Thewes, Johannes"]
[Black "Wendling, Hannes"]
[Result "0-1"]
[Termination "time forfeit"]
[Board "9.1"]
[WhiteElo "943"]
[BlackElo "1646"]
[WhiteTeam "SC Reti Heusweiler"]
[BlackTeam "Naumburger SV"]
[PlyCount "78"]
[WhiteFideId "4624823"]
[BlackFideId "24624284"]
[EventCountry "GER"]
[EventRounds "7"]
[EventType "team-swiss"]
[EventDate "2003.12.26"]

1. e4 c5 2. g3 g6 3. Bg2 Bg7 4. Nf3 Nc6 5. d3 d6 6. Nbd2 e6 7. O-O Nge7 8. Re1
O-O 9. Nf1 Bd7 10. c3 b6 11. Bf4 Bc8 12. e5 d5 13. Qd2 Ba6 14. Ne3 h6 15. Ng4
g5 16. Be3 Nf5 17. Qc2 Rc8 18. Bd2 Rc7 19. h3 Nce7 20. Ngh2 Ng6 21. Rad1 Nxe5
22. Bc1 Qf6 23. Rd2 Rfc8 24. Kh1 Bb5 25. b3 c4 26. d4 Nd3 27. Rf1 cxb3 28. Qxb3
Bc4 29. Qc2 Nb4 30. Qb2 Bxf1 31. Bxf1 Nc6 32. Rc2 Na5 33. Ba6 Rd8 34. Bb5 Nc4
35. Qb3 Qe7 36. Kg2 e5 37. dxe5 Nxe5 38. Nxe5 Bxe5 39. Ng4 Kg7 0-1

[Event "DVM U12 2003"]
[Site "Verden/Aller GER"]
[Date "2003.12.30"]
[Round "7"]
[White "Sonnhalter, Stella"]
[Black "Pfefferkorn, Adrian"]
[Result "0-1"]
[Termination "normal"]
[Board "9.3"]
[WhiteElo "288"]
[BlackElo "1330"]
[WhiteTeam "SC Reti Heusweiler"]
[BlackTeam "Naumburger SV"]
[PlyCount "118"]
[WhiteFideId "4624815"]
[EventCountry "GER"]
[EventRounds "7"]
[EventType "team-swiss"]
[EventDate "2003.12.26"]

1. e4 c5 2. c4 d6 3. Nc3 e6 4. Nf3 Be7 5. Be2 Nf6 6. O-O O-O 7. d3 a6 8. Be3 b6
9. Qd2 Bb7 10. Rad1 Qc7 11. Rfe1 Nbd7 12. b3 Rac8 13. Bg5 Rfd8 14. Qe3 Bc6 15.
d4 cxd4 16. Nxd4 Qb7 17. Bd3 Re8 18. Nf3 b5 19. cxb5 axb5 20. b4 Ng4 21. Qd2
Nge5 22. Nxe5 Nxe5 23. Bxe7 Rxe7 24. a3 Rec7 25. f3 Qb6+ 26. Qf2 Qxf2+ 27. Kxf2
Nxd3+ 28. Rxd3 Bd7 29. Ne2 Ra8 30. Ra1 Rc6 31. e5 d5 32. f4 Kf8 33. g3 Ke7 34.
Ke1 Kd8 35. Kd2 Rc4 36. Rc3 Rxb4 37. Kd3 Rba4 38. Kc2 b4 39. Rb3 Rxa3 40. Rbxa3
bxa3 41. Kb3 Bb5 42. Nc3 Bc4+ 43. Kc2 a2 44. Kb2 h6 45. Nxa2 Rxa2+ 46. Rxa2
Bxa2 47. Kxa2 g5 48. Kb3 Ke8 49. Kc3 g4 50. Kd3 Kf8 51. Ke3 Kg7 52. Kf2 Kg6 53.
Kg2 f6 54. exf6 Kxf6 55. Kf2 h5 56. Ke3 e5 57. fxe5+ Kxe5 58. Kd3 d4 59. Kd2
Ke4 0-1

[Event "DVM U12 2003"]
[Site "Verden/Aller GER"]
[Date "2003.12.30"]
[Round "7"]
[White "Rubin, Christian"]
[Black "Borgmeyer, Max"]
[Result "1-0"]
[Termination "normal"]
[Board "10.1"]
[WhiteElo "1377"]
[BlackElo "1678"]
[WhiteTeam "SV Oberkochen"]
[BlackTeam "Königsspringer Hamburg"]
[PlyCount "89"]
[BlackFideId "24615870"]
[EventCountry "GER"]
[EventRounds "7"]
[EventType "team-swiss"]
[EventDate "2003.12.26"]

1. e4 e5 2. Nf3 Nc6 3. Bc4 Bc5 4. d3 Nf6 5. Bg5 d6 6. h3 Be6 7. Nbd2 O-O 8. O-O
Nd4 9. Nxd4 Bxd4 10. c3 Bb6 11. Qf3 Kh8 12. a4 a6 13. Bb3 h6 14. Bxf6 gxf6 15.
Rad1 Kh7 16. Nc4 Rg8 17. Nxb6 cxb6 18. Bc2 Rg6 19. Kh2 Qd7 20. Rg1 Rag8 21. d4
Qe7 22. d5 Bd7 23. Qe3 b5 24. Qa7 bxa4 25. Qxb7 Rxg2+ 26. Rxg2 Rxg2+ 27. Kh1
Rg8 28. Bxa4 Rd8 29. Qxa6 Qe8 30. Bxd7 Rxd7 31. Qd3 Rb7 32. Rb1 Qd8 33. Qf3 Qe7
34. Kh2 Rb8 35. Qe3 Rg8 36. Rg1 Rxg1 37. Kxg1 Qb7 38. Qd2 Qd7 39. Kg2 Qb5 40.
Qc2 Kg7 41. c4 Qc5 42. Qc3 Qa7 43. b4 Kf8 44. c5 Qc7 45. c6 1-0

[Event "DVM U12 2003"]
[Site "Verden/Aller GER"]
[Date "2003.12.30"]
[Round "7"]
[White "Streich, Justus"]
[Black "Dinger, Solvejg"]
[Result "1/2-1/2"]
[Termination "normal"]
[Board "10.2"]
[WhiteElo "1322"]
[BlackElo "1248"]
[WhiteTeam "Königsspringer Hamburg"]
[BlackTeam "SV Oberkochen"]
[PlyCount "85"]
[WhiteFideId "24697168"]
[EventCountry "GER"]
[EventRounds "7"]
[EventType "team-swiss"]
[EventDate "2003.12.26"]

1. e4 e5 2. Nc3 Nf6 3. f4 exf4 4. e5 Ng8 5. Nf3 Nc6 6. d4 Bb4 7. Bxf4 Nge7 8.
Bc4 d5 9. Be2 Bg4 10. O-O Nf5 11. Bb5 O-O 12. Bxc6 bxc6 13. a3 Ba5 14. b4 Bb6
15. Ne2 Re8 16. c3 f6 17. Ng3 g5 18. Nxf5 Bxf5 19. Bg3 Bg4 20. Qd2 Bxf3 21.
Rxf3 fxe5 22. Bxe5 Rxe5 23. Kh1 Re6 24. Raf1 Qe7 25. Rg3 h6 26. h4 Rf8 27.
Rxf8+ Kxf8 28. Qf2+ Kg7 29. Qf5 Qf6 30. Qxf6+ Kxf6 31. Rf3+ Kg6 32. hxg5 hxg5
33. Kg1 a5 34. Kf2 Re4 35. g3 Re6 36. Re3 Re4 37. Rxe4 dxe4 38. g4 Kf6 39. Ke3
Ke6 40. Kxe4 axb4 41. axb4 Ba7 42. c4 Bb6 43. Kd3 1/2-1/2

[Event "DVM U12 2003"]
[Site "Verden/Aller GER"]
[Date "2003.12.30"]
[Round "7"]
[White "Kurz, Kevin"]
[Black "Langmann, Markus"]
[Result "0-1"]
[Termination "normal"]
[Board "10.3"]
[WhiteElo "1063"]
[BlackElo "1270"]
[WhiteTeam "SV Oberkochen"]
[BlackTeam "Königsspringer Hamburg"]
[PlyCount "78"]
[BlackFideId "24651281"]
[EventCountry "GER"]
[EventRounds "7"]
[EventType "team-swiss"]
[EventDate "2003.12.26"]

1. e4 e6 2. d4 d5 3. e5 c5 4. Nf3 cxd4 5. Nxd4 Nc6 6. Be3 Nxe5 7. Nc3 Bb4 8.
Bb5+ Bd7 9. Qd2 Bxb5 10. Ndxb5 a6 11. Nd4 Nf6 12. O-O O-O 13. a3 Ne4 14. Qe1
Bxc3 15. bxc3 Qc7 16. Bd2 Rac8 17. Ne2 Ng4 18. g3 Ngf6 19. f3 Nd6 20. Bf4 Qc5+
21. Kg2 Nb5 22. Bd2 Nxa3 23. Nd4 Nc4 24. Rb1 Nxd2 25. Qxd2 Qxc3 26. Qxc3 Rxc3
27. Rb3 Rxb3 28. Nxb3 Rc8 29. Rc1 Nd7 30. Na5 b6 31. Nb7 Rc6 32. Nd8 Rc7 33. h4
Kf8 34. Kh3 Ke7 35. Nxe6 Kxe6 36. g4 Kf6 37. g5+ Kg6 38. Kg4 h5+ 39. gxh6 Kxh6
0-1